00325nam a2200121Ia 4500003000400000008004100004040001600045082001800061245005000079260005800129300001100187490000500198GCL140319s9999 xx 000 0 ara d aGCL / cGCL04a346.03bع ج10aجنح وجنايات الجرح والضرب a[S.N] : bالمكتبة القانونية ، c1993 a423 ص a